| 000 | 00361nam a2200157Ia 4500 | ||
|---|---|---|---|
| 003 | Ost | ||
| 005 | 20260225132542.0 | ||
| 008 | 260225s9999||||xx |||||||||||||| ||und|| | ||
| 040 | _cfsic | ||
| 041 | _afre | ||
| 082 | _a5.4 | ||
| 100 |
_aSaid Benaissa _eAuteur |
||
| 245 | 0 | _aIntroduction aux Finances Publiques / | |
| 245 | 0 | _cSaid Benaissa | |
| 942 | _cكتاب | ||
| 999 |
_c33576 _d33576 |
||